White collar CO2 (Record no. 65808)

MARC details
000 -LEADER
fixed length control field 01362cam a2200229 4500
001 - CONTROL NUMBER
control field WB3703-08
008 - FIXED-LENGTH DATA ELEMENTS--GENERAL INFORMATION
fixed length control field 000000n2001 000 0 eng u
035 ## - SYSTEM CONTROL NUMBER
System control number (Sirsi) u110384
245 ## - TITLE STATEMENT
Title White collar CO2
260 ## - PUBLICATION, DISTRIBUTION, ETC.
Date of publication, distribution, etc. 2001
490 ## - SERIES STATEMENT
Series statement Green Futures
Volume/sequential designation January/February 2001, 7(1)
520 ## - SUMMARY, ETC.
Summary, etc. A new report "White Collar CO2" by the Association for the Conversation of Energy (ACE) identifies practical measures to save wasted energy, both beneficial to businesses and the environment. The report calls for legislation to require a property freeholder to improve the energy efficiency of their buildings. Briefly outlines the response of Prudential plc who welcomes the report, but believes regulation could raise practical problems in monitoring and increase risks to institutional investors. Further information at http://www.ukace.org The Environment Agency's booklet, "Green Officiency" is available free of charge. Contains advice/checklists on how to run a cost-effective, environmentally aware office. Tel 0800 585 794.
590 ## - LOCAL NOTE (RLIN)
Local note WB
650 ## - SUBJECT ADDED ENTRY--TOPICAL TERM
Topical term or geographic name entry element ASSOCIATION FOR THE CONSERVATION OF ENERGY
650 ## - SUBJECT ADDED ENTRY--TOPICAL TERM
Topical term or geographic name entry element ACE
650 ## - SUBJECT ADDED ENTRY--TOPICAL TERM
Topical term or geographic name entry element ENERGY MANAGEMENT
650 ## - SUBJECT ADDED ENTRY--TOPICAL TERM
Topical term or geographic name entry element OFFICES
650 ## - SUBJECT ADDED ENTRY--TOPICAL TERM
Topical term or geographic name entry element ENERGY CONSUMPTION
650 ## - SUBJECT ADDED ENTRY--TOPICAL TERM
Topical term or geographic name entry element CARBON DIOXIDE EMISSIONS
690 ## - LOCAL SUBJECT ADDED ENTRY--TOPICAL TERM (OCLC, RLIN)
Topical term or geographic name as entry element ENVIRONMENTAL AND LAND CONSULTANCY-ENERGY-ENERGY USE-ENERGY EFFICIENCY
942 ## - ADDED ENTRY ELEMENTS (KOHA)
Suppress in OPAC 0
Holdings
Withdrawn status Lost status Source of classification or shelving scheme Damaged status Not for loan Home library Current library Shelving location Date acquired Total Checkouts Full call number Barcode Date last seen Copy number Price effective from Koha item type
    Dewey Decimal Classification     London London News article 16/01/2001   WB3703-08 110384-1001 06/08/2019 1 06/08/2019 News article